Countries Closest to Iraq - Statistics

General Stats
  • This quiz has been taken 2,764 times
  • The average score is 17 of 20
Answer Stats
km country miles % Correct
0 Iran 0
99%
0 Saudi Arabia 0
97%
0 Turkey 0
97%
0 Syria 0
96%
292 Israel 181
95%
0 Jordan 0
94%
0 Kuwait 0
94%
222 Armenia 138
92%
211 Azerbaijan 131
92%
220 Lebanon 137
91%
419 Georgia 260
90%
492 Qatar 306
90%
686 United Arab Emirates 426
88%
448 Bahrain 278
87%
468 Egypt 291
85%
510 Russia 317
85%
697 Turkmenistan 433
80%
463 Cyprus 288
77%
834 Kazakhstan 518
62%
321 Palestine 199
34%
No matching quizzes found
Score Distribution
Percent of People with Each Score
Percentile by Number Answered
Your Score History
You have not taken this quiz